| 000 | 00599nam a2200181 a 4500 | ||
|---|---|---|---|
| 001 | 000031140 | ||
| 005 | 20200930062729.0 | ||
| 008 | 110614s2009 dr c r 000 | spa d | ||
| 020 | _a9789945865936 | ||
| 040 |
_aDO-SdBNP _bspa _cBNPHU |
||
| 082 |
_axxxx _bC335a |
||
| 100 | 1 |
_aCasanova y Llaca, Fernando _957615 |
|
| 245 | 1 | 0 |
_aAmaya Fiat Lux / _cFernando Casanova y Llaca ; traducción y presentación de Bingene Armenteros. |
| 260 |
_aSanto Domingo : _bArte Berri, _c2009. |
||
| 300 |
_a128 p. : _bretrs. ; _c23 cm. |
||
| 590 | _aInventariado, 2019/BT | ||
| 700 | 1 |
_aArmenteros, Bingene, _etr. _957616 |
|
| 999 |
_c30632 _d30632 |
||